Представление документа в формате MARC21

Поле Инд. ПП Название Значение
Тип записи a
Библиографический уровень b
001 Контрольный номер 47d7fc11f75c452aba36c7de67b14a6a
005 Дата корректировки 20200812181216.3
008 Кодируемые данные 20170331
040 b Код языка каталог. rus
e Правила каталог. PSBO
041 0_ a Код языка текста rus
084 a Индекс другой классификации/Индекс ББК 67.401.11(2Рос)
100 1_ a Автор Зайкова С. Н.
245 10 a Заглавие Административное ценообразование как средство защиты национальной экономики
650 14 a Основная рубрика право; административное право
653 0_ a Ключевые слова административное ценообразование
a Ключевые слова государственное регулирование
a Ключевые слова защита национальной экономики
a Ключевые слова Россия
a Ключевые слова управление в сфере хозяйственной деятельности
a Ключевые слова ценовая политика
a Ключевые слова ценовое право
a Ключевые слова ценообразование
773 08 t Заглавие источника Российская юстиция
d Дата издания источника 2020
g Прочая информация № 2. - С. 45 - 47
w Контрольный № источника bd79b8de93a941129b7f256c84795769
901 t Тип документа b